<?xml version="1.0" encoding="UTF-8"?>
<record
    xmlns:xsi="http://www.w3.org/2001/XMLSchema-instance"
    xsi:schemaLocation="http://www.loc.gov/MARC21/slim http://www.loc.gov/standards/marcxml/schema/MARC21slim.xsd"
    xmlns="http://www.loc.gov/MARC21/slim">

  <leader>02380    a2200313   4500</leader>
  <controlfield tag="003">NALT</controlfield>
  <controlfield tag="005">20251120143626.0</controlfield>
  <controlfield tag="008">240930b        th ||||| |||| 00| 0 tha d</controlfield>
  <datafield tag="020" ind1=" " ind2=" ">
    <subfield code="a">9786160843107</subfield>
  </datafield>
  <datafield tag="040" ind1=" " ind2=" ">
    <subfield code="a">&#xE4C;NALT</subfield>
  </datafield>
  <datafield tag="041" ind1="1" ind2=" ">
    <subfield code="a">tha</subfield>
    <subfield code="h">eng</subfield>
  </datafield>
  <datafield tag="050" ind1=" " ind2=" ">
    <subfield code="a">HG 1710</subfield>
    <subfield code="b">&#xE2D;564&#xE23; 2565</subfield>
  </datafield>
  <datafield tag="100" ind1="1" ind2=" ">
    <subfield code="a">&#xE2D;&#xE31;&#xE21;&#xE21;&#xE39;&#xE2A;, &#xE40;&#xE0B;&#xE40;&#xE1F;&#xE14;&#xE35;&#xE19;.</subfield>
    <subfield code="9">64817</subfield>
  </datafield>
  <datafield tag="245" ind1="1" ind2="0">
    <subfield code="a">&#xE23;&#xE30;&#xE1A;&#xE1A;&#xE01;&#xE32;&#xE23;&#xE40;&#xE07;&#xE34;&#xE19;&#xE17;&#xE32;&#xE07;&#xE40;&#xE25;&#xE37;&#xE2D;&#xE01;&#xE43;&#xE2B;&#xE21;&#xE48;&#xE44;&#xE23;&#xE49;&#xE28;&#xE39;&#xE19;&#xE22;&#xE4C;&#xE01;&#xE25;&#xE32;&#xE07; = </subfield>
    <subfield code="b">The Bitcoin Standard / </subfield>
    <subfield code="c">&#xE42;&#xE14;&#xE22; Saifedean Ammous ; &#xE40;&#xE23;&#xE35;&#xE22;&#xE1A;&#xE40;&#xE23;&#xE35;&#xE22;&#xE07;&#xE42;&#xE14;&#xE22; &#xE1E;&#xE34;&#xE23;&#xE34;&#xE22;&#xE30; &#xE2A;&#xE31;&#xE21;&#xE1E;&#xE31;&#xE19;&#xE18;&#xE32;&#xE23;&#xE31;&#xE01;&#xE29;&#xE4C;, &#xE1E;&#xE35;&#xE23;&#xE1E;&#xE31;&#xE12;&#xE19;&#xE4C; &#xE2B;&#xE32;&#xE0D;&#xE04;&#xE07;&#xE41;&#xE01;&#xE49;&#xE27;</subfield>
  </datafield>
  <datafield tag="246" ind1="1" ind2="4">
    <subfield code="a">The Bitcoin Standard</subfield>
  </datafield>
  <datafield tag="246" ind1="1" ind2="8">
    <subfield code="a">The Bitcoin Standard :</subfield>
    <subfield code="b">&#xE23;&#xE30;&#xE1A;&#xE1A;&#xE01;&#xE32;&#xE23;&#xE40;&#xE07;&#xE34;&#xE19;&#xE17;&#xE32;&#xE07;&#xE40;&#xE25;&#xE37;&#xE2D;&#xE01;&#xE43;&#xE2B;&#xE21;&#xE48;&#xE44;&#xE23;&#xE49;&#xE28;&#xE39;&#xE19;&#xE22;&#xE4C;&#xE01;&#xE25;&#xE32;&#xE07;</subfield>
  </datafield>
  <datafield tag="300" ind1=" " ind2=" ">
    <subfield code="a">499 &#xE2B;&#xE19;&#xE49;&#xE32; : </subfield>
    <subfield code="b">&#xE20;&#xE32;&#xE1E;&#xE1B;&#xE23;&#xE30;&#xE01;&#xE2D;&#xE1A;, &#xE15;&#xE32;&#xE23;&#xE32;&#xE07; ;</subfield>
    <subfield code="c">21 &#xE0B;&#xE21;.</subfield>
  </datafield>
  <datafield tag="505" ind1="2" ind2=" ">
    <subfield code="a">&#xE1A;&#xE17;&#xE17;&#xE35;&#xE48; 1 &#xE40;&#xE07;&#xE34;&#xE19; -- &#xE1A;&#xE17;&#xE17;&#xE35;&#xE48; 2 &#xE40;&#xE07;&#xE34;&#xE19;&#xE1A;&#xE23;&#xE23;&#xE1E;&#xE01;&#xE32;&#xE25; -- &#xE1A;&#xE17;&#xE17;&#xE35;&#xE48; 3 &#xE40;&#xE2B;&#xE23;&#xE35;&#xE22;&#xE0D;&#xE42;&#xE25;&#xE2B;&#xE30; -- &#xE1A;&#xE17;&#xE17;&#xE35;&#xE48; 4 &#xE40;&#xE07;&#xE34;&#xE19;&#xE15;&#xE23;&#xE32;&#xE23;&#xE31;&#xE10;&#xE1A;&#xE32;&#xE25; -- &#xE1A;&#xE17;&#xE17;&#xE35;&#xE48; 5 &#xE40;&#xE07;&#xE34;&#xE19;&#xE41;&#xE25;&#xE30;&#xE04;&#xE27;&#xE32;&#xE21;&#xE42;&#xE2B;&#xE22;&#xE2B;&#xE32;&#xE1C;&#xE25;&#xE15;&#xE2D;&#xE1A;&#xE41;&#xE17;&#xE19;&#xE23;&#xE30;&#xE22;&#xE30;&#xE2A;&#xE31;&#xE49;&#xE19; -- &#xE1A;&#xE17;&#xE17;&#xE35;&#xE48; 6 &#xE23;&#xE30;&#xE1A;&#xE1A;&#xE01;&#xE32;&#xE23;&#xE2A;&#xE37;&#xE48;&#xE2D;&#xE2A;&#xE32;&#xE23;&#xE02;&#xE2D;&#xE07;&#xE23;&#xE30;&#xE1A;&#xE2D;&#xE1A;&#xE17;&#xE38;&#xE19;&#xE19;&#xE34;&#xE22;&#xE21; -- &#xE1A;&#xE17;&#xE17;&#xE35;&#xE48; 7 &#xE40;&#xE07;&#xE34;&#xE19;&#xE17;&#xE35;&#xE48;&#xE21;&#xE31;&#xE48;&#xE19;&#xE04;&#xE07;&#xE41;&#xE25;&#xE30;&#xE40;&#xE2A;&#xE23;&#xE35;&#xE20;&#xE32;&#xE1E;&#xE43;&#xE19;&#xE23;&#xE30;&#xE14;&#xE31;&#xE1A;&#xE1A;&#xE38;&#xE04;&#xE04;&#xE25; -- &#xE1A;&#xE17;&#xE17;&#xE35;&#xE48; 8 &#xE40;&#xE07;&#xE34;&#xE19;&#xE14;&#xE34;&#xE08;&#xE34;&#xE17;&#xE31;&#xE25; -- &#xE1A;&#xE17;&#xE17;&#xE35;&#xE48; 9 &#xE1A;&#xE34;&#xE15;&#xE04;&#xE2D;&#xE22;&#xE19;&#xE4C;&#xE21;&#xE35;&#xE1B;&#xE23;&#xE30;&#xE42;&#xE22;&#xE0A;&#xE19;&#xE4C;&#xE2D;&#xE22;&#xE48;&#xE32;&#xE07;&#xE44;&#xE23; -- &#xE1A;&#xE17;&#xE17;&#xE35;&#xE48; 10 &#xE04;&#xE33;&#xE16;&#xE32;&#xE21;&#xE40;&#xE01;&#xE35;&#xE48;&#xE22;&#xE27;&#xE01;&#xE31;&#xE1A;&#xE1A;&#xE34;&#xE15;&#xE04;&#xE2D;&#xE22;&#xE19;&#xE4C;.</subfield>
  </datafield>
  <datafield tag="650" ind1=" " ind2="4">
    <subfield code="a">&#xE1A;&#xE34;&#xE17;&#xE04;&#xE2D;&#xE22;&#xE19;&#xE4C;</subfield>
    <subfield code="9">29952</subfield>
  </datafield>
  <datafield tag="650" ind1=" " ind2="4">
    <subfield code="a">&#xE01;&#xE32;&#xE23;&#xE1E;&#xE32;&#xE13;&#xE34;&#xE0A;&#xE22;&#xE4C;&#xE2D;&#xE34;&#xE40;&#xE25;&#xE47;&#xE01;&#xE17;&#xE23;&#xE2D;&#xE19;&#xE34;&#xE01;&#xE2A;&#xE4C;</subfield>
    <subfield code="9">735</subfield>
  </datafield>
  <datafield tag="650" ind1=" " ind2="4">
    <subfield code="a">&#xE2A;&#xE01;&#xE38;&#xE25;&#xE40;&#xE07;&#xE34;&#xE19;&#xE14;&#xE34;&#xE08;&#xE34;&#xE17;&#xE31;&#xE25;</subfield>
    <subfield code="9">64818</subfield>
  </datafield>
  <datafield tag="650" ind1=" " ind2="4">
    <subfield code="a">&#xE40;&#xE07;&#xE34;&#xE19;&#xE15;&#xE23;&#xE32;</subfield>
    <subfield code="9">60199</subfield>
  </datafield>
  <datafield tag="700" ind1="1" ind2=" ">
    <subfield code="a">Ammous, Saifedean</subfield>
    <subfield code="9">64819</subfield>
  </datafield>
  <datafield tag="700" ind1="0" ind2=" ">
    <subfield code="a">&#xE1E;&#xE35;&#xE23;&#xE1E;&#xE31;&#xE12;&#xE19;&#xE4C; &#xE2B;&#xE32;&#xE0D;&#xE04;&#xE07;&#xE41;&#xE01;&#xE49;&#xE27; </subfield>
    <subfield code="9">64820</subfield>
  </datafield>
  <datafield tag="700" ind1="0" ind2=" ">
    <subfield code="a">&#xE1E;&#xE34;&#xE23;&#xE34;&#xE22;&#xE30; &#xE2A;&#xE31;&#xE21;&#xE1E;&#xE31;&#xE19;&#xE18;&#xE32;&#xE23;&#xE31;&#xE01;&#xE29;&#xE4C;</subfield>
    <subfield code="9">63196</subfield>
  </datafield>
  <datafield tag="942" ind1=" " ind2=" ">
    <subfield code="c">GB</subfield>
    <subfield code="2">lcc</subfield>
  </datafield>
  <datafield tag="996" ind1=" " ind2=" ">
    <subfield code="a">saiphon.d</subfield>
    <subfield code="b">CATSTF	</subfield>
    <subfield code="c">2024-09-30</subfield>
  </datafield>
  <datafield tag="999" ind1=" " ind2=" ">
    <subfield code="c">105795</subfield>
    <subfield code="d">105795</subfield>
  </datafield>
  <datafield tag="998" ind1=" " ind2=" ">
    <subfield code="j">111</subfield>
    <subfield code="k"> &#xE19;&#xE32;&#xE07;&#xE2A;&#xE32;&#xE27;&#xE1E;&#xE08;&#xE1E;&#xE34;&#xE13;  &#xE1E;&#xE23;&#xE21;&#xE40;&#xE2D;&#xE35;&#xE48;&#xE22;&#xE21;</subfield>
  </datafield>
  <datafield tag="952" ind1=" " ind2=" ">
    <subfield code="0">0</subfield>
    <subfield code="1">0</subfield>
    <subfield code="2">lcc</subfield>
    <subfield code="4">0</subfield>
    <subfield code="7">0</subfield>
    <subfield code="8">CGBL</subfield>
    <subfield code="a">NALT</subfield>
    <subfield code="b">NALT</subfield>
    <subfield code="c">GEN</subfield>
    <subfield code="d">2024-09-28</subfield>
    <subfield code="e">194</subfield>
    <subfield code="l">3</subfield>
    <subfield code="m">1</subfield>
    <subfield code="o">HG 1710 &#xE2D;564&#xE23; 2565</subfield>
    <subfield code="p">3961214479</subfield>
    <subfield code="r">2025-11-21 00:00:00</subfield>
    <subfield code="s">2025-11-20</subfield>
    <subfield code="w">2024-09-28</subfield>
    <subfield code="y">GB</subfield>
  </datafield>
</record>
